Posúdenie systému včasnej výstrahy bakalárska práca

Saved in:
Bibliographic Details
Main Author: Beňa, Martin
Corporate Author: Podnikovohospodárska fakulta EU so sídlom v Košiciach. Katedra manažmentu
Other Authors: Mizla, Martin, 1955-
Format: Book
Language:Slovak
Published: Košice 2016
Tags: Add Tag
No Tags, Be the first to tag this record!

MARC

LEADER 00000nbm a2200000 4500
001 0217728
005 20161212140309.6
041 0 |a slo 
044 |a SK 
245 1 0 |a Posúdenie systému včasnej výstrahy  |b bakalárska práca  |c Martin Beňa ; školiteľ: Martin Mizla 
264 1 |a Košice  |c 2016 
300 |a 52 s. 
100 1 |a Beňa, Martin 
700 1 |a Mizla, Martin, 1955- 
710 2 |a Podnikovohospodárska fakulta EU so sídlom v Košiciach. Katedra manažmentu